| 000 | 00712nam a2200205 a 4500 | ||
|---|---|---|---|
| 008 | 120416s2002 ||||||||||||||||| || u | ||
| 020 | _a0340847166 | ||
| 050 | _aK 14.2 Mar | ||
| 100 | _aGibbins, Mary | ||
| 245 | 1 | 4 |
_aThe Complete A-Z law handbook. (2nd ed.) _cJacqueline Martin and Mary Gibbins |
| 250 | _a2nd ed. | ||
| 260 |
_aLondon: _bHodder and Stoughton _c2002 |
||
| 300 | _avii, 296p. : ill. | ||
| 350 | _a0.00 | ||
| 650 | _aLAW--HANDBOOKS, MANUALS, ETC | ||
| 650 | _aLAW | ||
| 650 | _aBUSINESS LAW--STUDY AND TEACHING | ||
| 700 | _aMartin, Jacqueline | ||
| 995 |
_D0.00 _FCBU-MAIN LIBRARY (Kitwe) _H1 _I24.75 _M1 _UAVAILABLE _ZReference Collection |
||
| 999 |
_c38122 _d38122 |
||